The great commission and you: (Record no. 10187)

000 -LEADER
fixed length control field 00660nam a2200205 a 4500
001 - CONTROL NUMBER
control field :::00007972$&:&@@
003 - CONTROL NUMBER IDENTIFIER
control field OkBaRHE
005 - DATE AND TIME OF LATEST TRANSACTION
control field 20000607103340.0
008 - FIXED-LENGTH DATA ELEMENTS--GENERAL INFORMATION
fixed length control field s1973 j 000 0 eng u
040 ## - CATALOGING SOURCE
Transcribing agency
100 1# - MAIN ENTRY--PERSONAL NAME
Personal name Waddey, John.
245 14 - TITLE STATEMENT
Title The great commission and you:
Remainder of title a study series in world evangelism.
260 ## - PUBLICATION, DISTRIBUTION, ETC. (IMPRINT)
Place of publication, distribution, etc Winona, MS., :
Name of publisher, distributor, etc J. C. Choate Publications
Date of publication, distribution, etc c1973
300 ## - PHYSICAL DESCRIPTION
Extent 138 p. ;
Dimensions 22 cm.
650 ## - SUBJECT ADDED ENTRY--TOPICAL TERM
Topical term or geographic name as entry element Evangelistic Work
650 ## - SUBJECT ADDED ENTRY--TOPICAL TERM
Topical term or geographic name as entry element Great Commission (Bible)
650 ## - SUBJECT ADDED ENTRY--TOPICAL TERM
Topical term or geographic name as entry element Mission of the Church
942 ## - ADDED ENTRY ELEMENTS (KOHA)
Source of classification or shelving scheme
Koha item type Books
Copies
Damaged status Shelving location Copy number Date last seen Source of classification or shelving scheme Lost status Not for loan Full call number Date acquired Permanent Location Withdrawn status Koha item type Price effective from Barcode
 General Stacks12010-04-14   BV 2074 .W2782010-04-14RHEMA Bible Training College Books2010-04-147972